Peter Pan (Record no. 29818)
[ view plain ]
| 000 -LEADER | |
|---|---|
| fixed length control field | 00383nam a22001817a 4500 |
| 001 - CONTROL NUMBER | |
| control field | sjds |
| 003 - CONTROL NUMBER IDENTIFIER | |
| control field | sjds |
| 005 - DATE AND TIME OF LATEST TRANSACTION | |
| control field | 20240527103246.0 |
| 008 - FIXED-LENGTH DATA ELEMENTS--GENERAL INFORMATION | |
| fixed length control field | 240527b |||||||| |||| 00| 0 spa d |
| 020 ## - INTERNATIONAL STANDARD BOOK NUMBER | |
| International Standard Book Number | 9789689291046 |
| 040 ## - CATALOGING SOURCE | |
| Transcribing agency | sjds |
| 245 ## - TITLE STATEMENT | |
| Title | Peter Pan |
| 260 ## - PUBLICATION, DISTRIBUTION, ETC. (IMPRINT) | |
| Name of publisher, distributor, etc. | Asturias? |
| 300 ## - PHYSICAL DESCRIPTION | |
| Extent | 1 vol. |
| 440 ## - SERIES STATEMENT/ADDED ENTRY--TITLE | |
| Title | Cuentos maravillosos |
| 700 ## - ADDED ENTRY--PERSONAL NAME | |
| Personal name | Barrie, J. M. |
| 942 ## - ADDED ENTRY ELEMENTS (KOHA) | |
| Koha item type | Libro/Book |
| Withdrawn status | Lost status | Damaged status | Not for loan | Home library | Current library | Date acquired | Total Checkouts | Barcode | Date last seen | Price effective from | Koha item type |
|---|---|---|---|---|---|---|---|---|---|---|---|
| San Juan Del Sur -- Mobile | San Juan Del Sur -- Mobile | 27/05/2024 | 33004891 | 27/05/2024 | 27/05/2024 | Libro/Book |